Wole hall (Record no. 1003)

MARC details
000 -LEADER
fixed length control field 00390 a2200169 4500
001 - CONTROL NUMBER
control field 067015
003 - CONTROL NUMBER IDENTIFIER
control field OSt
005 - DATE AND TIME OF LATEST TRANSACTION
control field 20211025171356.0
008 - FIXED-LENGTH DATA ELEMENTS--GENERAL INFORMATION
fixed length control field
082 ## - DEWEY DECIMAL CLASSIFICATION NUMBER
Classification number 823.914
Item number M31W
100 1# - MAIN ENTRY--PERSONAL NAME
Personal name Mantel, Hilary
245 1# - TITLE STATEMENT
Title Wole hall
Statement of responsibility, etc by Hilary Mantel
260 ## - PUBLICATION, DISTRIBUTION, ETC. (IMPRINT)
Place of publication, distribution, etc London
Name of publisher, distributor, etc Harper Collins
Date of publication, distribution, etc 2009
300 ## - PHYSICAL DESCRIPTION
Extent 653p.
690 ## - LOCAL SUBJECT ADDED ENTRY--TOPICAL TERM (OCLC, RLIN)
Topical term or geographic name as entry element English
942 ## - ADDED ENTRY ELEMENTS (KOHA)
Source of classification or shelving scheme Dewey Decimal Classification
Koha item type Books
Holdings
Withdrawn status Lost status Source of classification or shelving scheme Damaged status Not for loan Collection code Home library Current library Date acquired Source of acquisition Cost, normal purchase price Total Checkouts Full call number Barcode Date last seen Date checked out Price effective from Koha item type
    Dewey Decimal Classification     General Text Book Central University Of Rajasthan Central University Of Rajasthan 07/03/2012 ENG 399.00 1 823.914 M31W 1301 11/12/2025 11/12/2025 02/09/2020 Books